000 00474pab a2200181 454500
008 180718b2011 xxu||||| |||| 00| 0 eng d
100 _aAdolf, Robert George
245 _aDo economic globalization and political freedom go together?
260 _c2011
300 _ap.569-609.
362 _aOct
650 _aDemocratization
650 _aGlobalization
650 _aEconomic liberalization
773 _aAsian Politics and Society
908 _aN
909 _a93697
999 _c93697
_d93697